On This Day: June 30th II Quiz Stats

 Plays Quiz Updated Jun 30, 2018

Score 0/7 Timer 03:00
0 Plays Today
Question Answer Wrong Answers
The world’s first emergency telephone number, 999, is introduced, covering a 12 mile radius around Oxford Circus in this city.
1937
London
92.6%
Dublin
1.2%
New York City
2.9%
Chicago
1.5%
This Margaret Mitchell novel of the Civil War-era South, which would win the Pulitzer Prize and become a celebrated Hollywood film, is published.
1936
Gone with the Wind
90.9%
To Kill a Mockingbird
3.4%
Uncle Tom's Cabin
2.6%
The Birth of a Nation
1.5%
A French acrobat named Charles Blondin becomes the first person to cross this transnational landmark on a tightrope.
1859
Niagara Falls
88.7%
Grand Canyon
9.6%
Angel Falls
1.3%
Zion Canyon
0.4%
This lawyer, intellectual, and politician retires after 15 years as Prime Minister of Canada, a position his son would later achieve.
1984
Pierre Trudeau
81.8%
John Turner
1.3%
Justin Trudeau
13.5%
Brian Mulroney
1.4%
The Homestead Strike begins between the Amalgamated Association of Iron and Steel Workers and the steel company founded by this man, culminating in a battle between workers and private security agents a week later.
1892
Andrew Carnegie
62%
John D. Rockefeller
20.2%
J.P. Morgan
7.6%
Cornelius Vanderbilt
9.3%
Charles Guiteau, a disgruntled American writer and lawyer, is hanged in Washington, D.C. for the assassination of this US President.
1882
James Garfield
59.1%
Abraham Lincoln
7%
William McKinley
30.2%
Ulysses S. Grant
3.5%
Hitler loyalists begin the multi-day extrajudicial executions known by this name in an attempt to consolidate their chancellor’s power.
1934
Night of the Long Knives
37.7%
Beer Hall Putsch
20.2%
Blitzkrieg
17.3%
Kristallnacht
23.5%

You're not logged in!

Compare scores with friends on all Sporcle quizzes.
OR
Log In

Sporcle TV

Today on Sporcle TV


Watch our educational content, quiz creation guides, and fun videos on Sporcle TV.

Show Comments

Extras

Top Quizzes Today


Score Distribution

Your Account Isn't Verified!

In order to create a playlist on Sporcle, you need to verify the email address you used during registration. Go to your Sporcle Settings to finish the process.

Report this User

Report this user for behavior that violates our Community Guidelines.

Details: